000 00625nam a2200205 a 4500
001 17023
003 BD-RjUL
005 20211209000058.0
008 140216m19531935enkaf 000 0 eng d
035 _a(BD-RjUL)17080
040 _aD2055
_beng
_cD2055
_dNU
_dBD-RjUL
041 0 _aeng
082 0 4 _a796.358
_219
_bBRH 1953
100 1 _aBradman, Donald,
_d1908-2001.
_952511
245 1 0 _aHow to play cricket /
_c Don Bradman.
260 _aLondon :
_bHodder & Stoughton,
_c1935, 1953.
300 _a93 p. :
_bill., [10] leaves of plates (some folded) ;
_c19 cm.
650 0 _aCricket
_zAustralia.
_951362
942 _2ddc
_cBK
999 _c17023
_d17023